000 01281nam a22003017a 4500
005 20120521145824.0
008 120521t xxu||||| |||| 00| 0 eng d
010 _aENG-105372
020 _a9788124606117
_c700.00
020 _a8124606110
_c700.00
035 _aEN-88905
037 _bDBAD/PUB
040 _aDPL
_bEng
082 _a297.092
100 _947159
_aChoughley, Abdul Kader
245 _aSayyid Abul Hasan ’Ali Nadwi :
_cby Abdul Kader Choughley
_blife and works /
260 _aNew Delhi
_bD.K. Printworld
_c2012
270 _a'Srikunj', F-52, Bali Nagar, Ramesh Nagar Metro Station
_bNew Delhi
_e110015
300 _axxvii, 313 p.
_c23cm(Hb)
490 _aIslamic heritage in cross-cultural perspective ; no. 7
_947592
500 _aIncludes bibliographical references (p. [301]-306) and index.
520 _aAbulḥasan ʻAlī Nadvī, 1913-1999, Indian Islamic scholar.
600 _aNadvī, Abulḥasan ʻAlī
_d1913-
_947587
650 _aMuslim scholars
_zIndia
_947588
_vBiography.
650 _aIslam
_y20th century.
_947589
942 _2ddc
_cEN
_h297.092
_mCHO
999 _c66965
_d66965